Turismo: Competitividade Sustentável (Registo nº 6050)

Detalhes MARC
000 -Etiqueta do registo
Valores 01693nam 2200217 4500
010 ## - Número ISBN
ISBN 9722218107
021 ## - Número do Depósito Legal
Número 110815/97
100 ## - Dados gerais de processamento
Dados gerais 20211231d1997 km|y0pory5003 ba
200 1# - Titulo e menção de responsabilidade
Título próprio Turismo: Competitividade Sustentável
Primeira menção de responsabilidade Mário Baptista
210 ## - Publicação
Local de publicação Lisboa
Nome do editor Verbo
Data de publicação 1997
215 ## - Descrição física 
Paginação / Volumes 618 p.
330 ## - Sumário ou Resumo
Texto da nota A competitividade turística é condicionada pelo meio envolvente específico (social, cultural, ambiental, sanitário, de segurança, etc..) pela qualidade e pela diferenciação da oferta, pela capacidade de gestão, pela eficiência profissional, pelo mercado e pela concorrência, havendo que ter em conta parâmetros demográficos, psicográficos, sociais, culturais e económicos, etc... dos turistas dos principais países de origem, bem como a influência dos operadores na escolha dos destinos.<br/>A complexidade e interdependência dos componentes do produto turístico só se assumem, porém, como valor compatível quando surgem, face aos operadores e aos clientes, como um conjunto organizado, ainda que local e subsectorialmente diferenciado, o que impõe uma concepção transversal de competências, iniciativas, deveres e responsabilidades.<br/>O principal objectivo desta obra é, pois, o de contribuir para melhorar a qualidade de um turismo sustentável em Portugal, nas suas múltiplas perspectivas e aos diversos níveis de responsabilidade, desde a administração pública aos profissionais do turismo e às próprias populações.
606 ## - Nome comum usado como assunto
ID Autoridade 811
Palavra de ordem Economia
606 ## - Nome comum usado como assunto
ID Autoridade 812
Palavra de ordem Finanças
675 ## - CDU
Notação 338.48(469)
Edição med
700 ## - Autor principal (pessoa individual)
Apelido Baptista
Nome Mário
ID Autoridade 5749
801 #0 - Fonte de origem
País PT
Agência BMVN
Regras de catalogação RPC
830 ## - Notas gerais do catalogador
Criado por Inês Silva
Data de criação 31/12/2021
990 ## - Elementos KOHA
Tipo de documento Livro
Exemplares
Situação do levantamento Biblioteca de origem Localização na Estante Código de barras Cota Permissão de empréstimo Tipo de documento Forma de aquisição
  Biblioteca Municipal de Vendas Novas EM DEPOSITO 100000014288 EF BAP/TUR   Livro  

Powered by Koha